the study on management of fishing community ream in prey noup district, sihanouk ville (ការសិក្សាអំពីការងារគ្រប់គ្រងសហគមន៍នេសាទរាមនៅខណ្ឌព្រៃនប់ ក្រុងព្រះសីហនុ) (Record no. 4562)
[ view plain ]
| 000 -LEADER | |
|---|---|
| fixed length control field | 00660nam a22001577a 4500 |
| 003 - CONTROL NUMBER IDENTIFIER | |
| control field | OSt |
| 005 - DATE AND TIME OF LATEST TRANSACTION | |
| control field | 20151216104606.0 |
| 008 - FIXED-LENGTH DATA ELEMENTS--GENERAL INFORMATION | |
| fixed length control field | 151216b xxu||||| |||| 00| 0 eng d |
| 040 ## - CATALOGING SOURCE | |
| Transcribing agency | RUA |
| 082 ## - DEWEY DECIMAL CLASSIFICATION NUMBER | |
| Classification number | AED NEN 2007 B226 Or.1 |
| 100 ## - MAIN ENTRY--PERSONAL NAME | |
| 9 (RLIN) | 4909 |
| Personal name | NENG, TIN. |
| 245 ## - TITLE STATEMENT | |
| Title | the study on management of fishing community ream in prey noup district, sihanouk ville (ការសិក្សាអំពីការងារគ្រប់គ្រងសហគមន៍នេសាទរាមនៅខណ្ឌព្រៃនប់ ក្រុងព្រះសីហនុ) |
| 260 ## - PUBLICATION, DISTRIBUTION, ETC. (IMPRINT) | |
| Place of publication, distribution, etc. | Phnom Penh |
| Name of publisher, distributor, etc. | RUA |
| Date of publication, distribution, etc. | 2007 |
| 300 ## - PHYSICAL DESCRIPTION | |
| Extent | xii, 46p. |
| Other physical details | ill. |
| Dimensions | 29cm. |
| 942 ## - ADDED ENTRY ELEMENTS (KOHA) | |
| Source of classification or shelving scheme | |
| Koha item type | AED |
| Price effective from | Date last seen | Permanent Location | Not for loan | Date acquired | Source of classification or shelving scheme | Koha item type | Lost status | Withdrawn status | Date last checked out | Total Checkouts | Shelving location | Damaged status | Barcode | Current Location | Full call number |
|---|---|---|---|---|---|---|---|---|---|---|---|---|---|---|---|
| 2015-12-16 | 2015-12-16 | Library Block B | 2015-12-16 | AED | B226 | RUA031804 | Library Block B | AED NEN 2007 B226 Or.1 | |||||||
| 2015-12-16 | 2015-12-16 | Library Block B | 2015-12-16 | AED | B226 | RUA031644 | Library Block B | AED NEN 2007 B226 Or.2 | |||||||
| 2015-12-16 | 2015-12-16 | Library Block B | 2015-12-16 | AED | B226 | RUA031704 | Library Block B | AED NEN 2007 B226 Or.3 | |||||||
| 2015-12-16 | 2016-07-06 | Library Block B | 2015-12-16 | AED | 2016-05-30 | 2 | B226 | RUA41208 | Library Block B | AED NEN 2007 B226 Or.4 | |||||
| 2015-12-16 | 2015-12-16 | Library Block B | 2015-12-16 | AED | B226 | RUA046770 | Library Block B | AED NEN 2007 B226 Or.5 | |||||||
| 2015-12-16 | 2015-12-16 | Library Block B | 2015-12-16 | AED | B226 | RUA41145 | Library Block B | AED NEN 2007 B226 Or.6 | |||||||
| 2015-12-16 | 2015-12-16 | Library Block B | 2015-12-16 | AED | B226 | RUA41143 | Library Block B | AED NEN 2007 B226 Or.7 | |||||||
| 2015-12-18 | 2015-12-18 | Library Block B | 2015-12-18 | AED | B226 | RUA034313 | Library Block B | AED NEN 2007 B226 Or.8 |